| 000 | 00630cam a22002053a 4500 | ||
|---|---|---|---|
| 001 | 43922 | ||
| 003 | PGUSA | ||
| 005 | 20140828084012.0 | ||
| 008 | 131010s2013||||xxu|||||s|||||000 | eng d | ||
| 040 |
_aPGUSA _beng |
||
| 042 | _adc | ||
| 100 | 1 | _aBrady, Mathew B. | |
| 245 | 1 | 0 |
_aOriginal Photographs Taken on the Battlefields during the Civil War of the United States _h[electronic resource] / _cMathew B. Brady |
| 260 |
_bProject Gutenberg, _c2013 |
||
| 506 | _aPublic domain in the USA. | ||
| 516 | _aElectronic text | ||
| 830 | 0 |
_aProject Gutenberg _v43922 |
|
| 856 | 4 | 0 | _uhttp://www.gutenberg.org/ebooks/43922 |
| 942 | _cEB | ||
| 999 |
_c273173 _d273173 |
||